[Event "Aragon-ch Seniors 50+"]
[Site "Zaragoza"]
[Date "2019.05.25"]
[Round "6"]
[White "Asin Jimenez, Pedro Jose"]
[Black "Perez Boy, Pedro"]
[Result "1/2-1/2"]
[WhiteElo "1735"]
[BlackElo "1759"]
[PlyCount "67"]
[EventDate "2019.04.27"]
[EventType "swiss"]
[EventRounds "8"]
[EventCountry "ESP"]
[SourceTitle "EXT 2020"]
[Source "ChessBase"]
[SourceDate "2019.10.17"]
[SourceVersion "1"]
[SourceVersionDate "2019.10.17"]
[SourceQuality "1"]

1. e4 Nf6 2. e5 Nd5 3. c4 Nb6 4. c5 Nd5 5. Nc3 e6 6. d4 d6 7. cxd6 cxd6 8. Nf3 Nc6 9. Bc4 Nxc3 10. bxc3 dxe5 11. d5 exd5 12. Bxd5 Bd6 13. 0-0 0-0 14. Ng5 h6 15. Ne4 Bc7 16. Qf3 Kh8 17. Rd1 Qh4 18. Qg3 Qxg3 19. Nxg3 f5 20. Ba3 Rd8 21. Bf7 Kh7 22. Rxd8 Nxd8 23. Bb3 g6 24. Rd1 Kg7 25. h4 h5 26. Bd6 Bxd6 27. Rxd6 Nf7 28. Bxf7 Kxf7 29. Rd8 b6 30. f3 Ke7 31. Rg8 Kf6 32. Rf8+ Ke6 33. Rg8 Kf7 34. Rd8 1/2-1/2